00355nam a22001457a 4500003000700000005001700007008004100024082002100065100001700086245002400103260002400127300000800151490003300159650001700192MPLRDC20220104125330.0210129b ||||| |||| 00| 0 eng d a857.9 WLQZ-9 v.4 a武陵樵子 a翠献双星. 四c ab毅力出版社c b平 a武陵樵子小说专辑. 11 a武侠小说